El hechizo de Elsie /

Сохранить в:
Библиографические подробности
Главный автор: Highsmith, Patricia (autor)
Другие авторы: Beltrán Ferrer, Jordi (traducción) (traducción)
Формат:
Язык:испанский
Опубликовано: Barcelona, España : Anagrama, 2001, c1997
Редактирование:2a edición
Серии:(Compactos ; 142)
Предметы:
Метки: Добавить метку
Нет меток, Требуется 1-ая метка записи!

MARC

LEADER 00000nam^a2200000^a^4500
001 000305958
005 20250521000000.0
009 20260310112804.355
020 |a 84-339-1473-1 
037 |a Acervo ITESO - Biblioteca 
041 |a ESP 
082 |a 813.  |b HIG 
100 |a Highsmith, Patricia  |e (autor) 
245 1 3 |a El hechizo de Elsie /  |c P. Highsmith ; tr. por J. Beltrán Ferrer. 
250 |a 2a edición 
264 4 |a Barcelona, España :  |b Anagrama,  |c 2001, c1997 
300 |a 279 p. 
336 |a texto  |b txt  |2 rdacontenido 
337 |a sin mediación  |b n  |2 rdamedio 
338 |a volumen  |b nc  |2 rdasoporte 
440 1 |a (Compactos ;  |v 142) 
500 |a Traducción de: Found in the Street 
545 0 |a Patricia Highsmith (Fort Worth, EUA, 1921 – Locarno, Suiza, 1995), escritora norteamericana, cuyas novelas Extraños en un tren (1950), Carol (1953), A pleno sol: el talento de Ripley (1955) y El amigo americano: el juego de Ripley (1974) han sido adaptadas al cine por conocidos directores como Alfred Hitchcock, Todd Haynes, René Clément, Wim Wenders, Anthony Minghella y Liliana Cavani. Mar de fondo (1957), Un juego para los vivos (1958), Crímenes imaginarios (1965), La máscara de Ripley (1970), Rescate por un perro (1972), El diario de Edith (1977), Tras los pasos de Ripley (1980), Ripley en peligro (1991), y la póstuma Small G: un idilio de verano (1995), aparecida un mes después de la muerte de Highsmith, son otras de sus novelas, en tanto Pequeños cuentos misóginos (1974) y Sirenas en el campo de golf (1985) se cuentan entre sus volúmenes de relatos. Su escritura, cargada de pesimismo, suspenso y de perfiles psicológicos, explora el lado oscuro de sus personajes, tales como sus tendencias criminales, miedos, engaños y culpabilidad; y la consagra como una de las figuras más sobresaliente de la narrativa policíaca del subgénero de la psicología criminal. 
649 |a XX 
650 |a Novela Norteamericana 
650 |a Literatura Policíaca y de Misterio -  |z EUA 
650 |a Literatura Gay y Lésbica -  |z EUA 
650 |a Literatura de Mujeres -  |z EUA 
650 |a Literatura Norteamericana -  |y Siglo XX 
650 |a Nueva York, EUA en la Literatura 
700 |a Beltrán Ferrer, Jordi  |e (traducción) 
910 |a Fondo General 
920 |a Impresos - Libros 
930 |a Colección General 
940 |a Literatura 
905 |a 101 
901 |a 0500191911  |b IT1  |c LIT  |i C125539  |u 20250521 
902 |a https://opac.biblio.iteso.mx/vufind/Record/000305958